000 00410nam a2200181Ia 4500
001 6991
008 140320s9999 xx 000 0 und d
020 _a0-85496-145-3
040 _cPK-LaUMT
082 _a 513.50899912
_bMIM-I
100 _aMimica, Jadran
245 _aIntimations of infinity
_cMimica, Jadran
260 _c1998.
300 _a188 p.
546 _aEN
650 _aInfinite
942 _cBK
999 _c8480
_d8480